Fundamentals Of Fluid Mechanics / (Record no. 31525)
[ view plain ]
| 000 -LEADER | |
|---|---|
| fixed length control field | 01280cam a22003494a 4500 |
| 001 - CONTROL NUMBER | |
| control field | 13960927 |
| 003 - CONTROL NUMBER IDENTIFIER | |
| control field | OSt |
| 005 - DATE AND TIME OF LATEST TRANSACTION | |
| control field | 20210809143404.0 |
| 008 - FIXED-LENGTH DATA ELEMENTS--GENERAL INFORMATION | |
| fixed length control field | 050511s2006 njua b 001 0 eng |
| 010 ## - LIBRARY OF CONGRESS CONTROL NUMBER | |
| LC control number | 2005275474 |
| 020 ## - INTERNATIONAL STANDARD BOOK NUMBER | |
| International Standard Book Number | 9780471675822 |
| 038 ## - RECORD CONTENT LICENSOR | |
| Staff Name | khadija |
| 040 ## - CATALOGING SOURCE | |
| Original cataloging agency | DLC |
| Transcribing agency | DLC |
| Modifying agency | DLC |
| 042 ## - AUTHENTICATION CODE | |
| Authentication code | pcc |
| 050 00 - LIBRARY OF CONGRESS CALL NUMBER | |
| Classification number | TA357 |
| Item number | .M86 2006 |
| 082 00 - DEWEY DECIMAL CLASSIFICATION NUMBER | |
| Classification number | 620.106 |
| Edition number | 22 |
| Author Mark | MUN |
| 100 1# - MAIN ENTRY--PERSONAL NAME | |
| Personal name | Munson |
| 9 (RLIN) | 81327 |
| 245 10 - TITLE STATEMENT | |
| Title | Fundamentals Of Fluid Mechanics / |
| Statement of responsibility, etc. | Bruce R. Munson, Donald F. Young, Theodore H. Okiishi. |
| 250 ## - EDITION STATEMENT | |
| Edition statement | 5th ed. |
| 260 ## - PUBLICATION, DISTRIBUTION, ETC. | |
| Place of publication, distribution, etc. | Hoboken, NJ : |
| Name of publisher, distributor, etc. | J. Wiley & Sons, |
| Date of publication, distribution, etc. | c2006. |
| 300 ## - PHYSICAL DESCRIPTION | |
| Extent | 1 v. (various pagings) : |
| Other physical details | ill. (some col.) ; |
| Dimensions | 27 cm. |
| 500 ## - GENERAL NOTE | |
| General note | Includes index. |
| 563 ## - BINDING INFORMATION | |
| Binding note | hard cover |
| 650 #0 - SUBJECT ADDED ENTRY--TOPICAL TERM | |
| Topical term or geographic name entry element | Fluid mechanics |
| Form subdivision | Textbooks. |
| 9 (RLIN) | 7474 |
| 700 1# - ADDED ENTRY--PERSONAL NAME | |
| Personal name | Young, Donald F. |
| 9 (RLIN) | 35769 |
| 700 1# - ADDED ENTRY--PERSONAL NAME | |
| Personal name | Okiishi, T. H. |
| Fuller form of name | (Theodore Hisao), |
| Dates associated with a name | 1939- |
| 9 (RLIN) | 7475 |
| 856 42 - ELECTRONIC LOCATION AND ACCESS | |
| Materials specified | Publisher description |
| Uniform Resource Identifier | <a href="http://www.loc.gov/catdir/enhancements/fy0626/2005275474-d.html">http://www.loc.gov/catdir/enhancements/fy0626/2005275474-d.html</a> |
| 856 41 - ELECTRONIC LOCATION AND ACCESS | |
| Materials specified | Table of contents only |
| Uniform Resource Identifier | <a href="http://www.loc.gov/catdir/enhancements/fy0626/2005275474-t.html">http://www.loc.gov/catdir/enhancements/fy0626/2005275474-t.html</a> |
| 906 ## - LOCAL DATA ELEMENT F, LDF (RLIN) | |
| a | 7 |
| b | cbc |
| c | origcop |
| d | 3 |
| e | ncip |
| f | 20 |
| g | y-gencatlg |
| 942 ## - ADDED ENTRY ELEMENTS (KOHA) | |
| Source of classification or shelving scheme | |
| Koha item type | Book |
| Withdrawn status | Lost status | Source of classification or shelving scheme | Damaged status | Not for loan | Permanent Location | Current Location | Shelving location | Date acquired | Total Checkouts | Total Renewals | Full call number | Barcode | Checked out | Date last seen | Date last checked out | Price effective from | Koha item type | Public note |
|---|---|---|---|---|---|---|---|---|---|---|---|---|---|---|---|---|---|---|
| School of Mechanical & Manufacturing Engineering (SMME) | School of Mechanical & Manufacturing Engineering (SMME) | Reference | 06/25/2015 | 1 | 2 | 620.106 MUN | SMME-37 | 10/09/2025 | 12/11/2024 | 12/11/2024 | 06/25/2015 | Book | Rack,10-Shelf,1 | |||||
| School of Mechanical & Manufacturing Engineering (SMME) | School of Mechanical & Manufacturing Engineering (SMME) | 08/04/2015 | 1 | 1 | 620.106 MUN | SMME-1058 | 03/18/2022 | 09/16/2021 | 09/16/2021 | 08/04/2015 | Book | |||||||
| School of Mechanical & Manufacturing Engineering (SMME) | School of Mechanical & Manufacturing Engineering (SMME) | 08/04/2015 | 1 | 620.106 MUN | SMME-1059 | 01/14/2022 | 09/16/2021 | 09/16/2021 | 08/04/2015 | Book | ||||||||
| School of Mechanical & Manufacturing Engineering (SMME) | School of Mechanical & Manufacturing Engineering (SMME) | 08/04/2015 | 4 | 7 | 620.106 MUN | SMME-1060 | 03/26/2025 | 09/11/2024 | 09/11/2024 | 08/04/2015 | Book | |||||||
| School of Mechanical & Manufacturing Engineering (SMME) | School of Mechanical & Manufacturing Engineering (SMME) | 08/04/2015 | 10 | 10 | 620.106 MUN | SMME-1061 | 03/06/2025 | 02/04/2025 | 02/04/2025 | 08/04/2015 | Book |
